Chit chat remaja mengenai ibu bapa

Bibliographic Details
Main Author: M. Fadzli A. Bakar
Format: Book
Published: Pahang : PTS Millennia , 2006
Series:Siri bina diri
Subjects:

MARC

LEADER 00000cam a2200000 7i4500
001 0000011884
005 20160330.0
008 071120
020 |a 9833603033 
090 0 0 |a 306.874   |b MFA 
100 0 |a M. Fadzli A. Bakar 
245 1 0 |a Chit chat remaja mengenai ibu bapa   |c M. Fadzli A. Bakar   |c 2006 
260 |a Pahang :   |b PTS Millennia ,   |c 2006 
440 |a Siri bina diri 
500 |a Teenager ages 13-18 years old (blue) 
650 0 |a Interpersonl relations 
650 0 |a Malay fiction 
650 0 |a Parent and teenager 
650 0 |a Teenagers   |x Family relationships 
999 |a 0000922791   |b Book   |c Adult Collection   |e Cawangan Bukit Gambir 
999 |a 0000922792   |b Book   |c Adult Collection   |e Cawangan Bukit Gambir 
999 |a 0000932788   |b Book   |c Adult Collection   |e Cawangan Tangkak 
999 |a 0001004080   |b Book   |c Teenagers   |e Perbadanan Perpustakaan Awam Johor 
999 |a 0001004081   |b Book   |c Teenagers   |e Perbadanan Perpustakaan Awam Johor 
999 |a 0001004082   |b Book   |c Teenagers   |e Perbadanan Perpustakaan Awam Johor 
999 |a 0001004083   |b Book   |c Teenagers   |e Perbadanan Perpustakaan Awam Johor 
999 |a 0001004084   |b Book   |c Teenagers   |e Perbadanan Perpustakaan Awam Johor